Normal view
MARC view
Entry Término temático
001 - NÚMERO DE CONTROL
- campo de control: 21639
003 - IDENTIFICADOR DEL NÚMERO DE CONTROL
- campo de control: FranzMayer
005 - FECHA Y HORA DE LA ÚLTIMA TRANSACCIÓN
- campo de control: 20190320210350.0
008 - DATOS DE LONGITUD FIJA
- campo de control de longitud fija: 190320|| aca||aabn | a|a d
040 ## - FUENTE DE LA CATALOGACIÓN
- Centro catalogador/agencia de origen: FranzMayer
- Centro/agencia transcriptor: FranzMayer
150 ## - ENCABEZAMIENTO--TÉRMINO DE MATERIA
- Término de materia o nombre geográfico como elemento de entrada: Iglesia católica
- : Liturgia
- Subdivisión de forma: Manuscritos
670 ## - FUENTE DE DATOS ENCONTRADOS
- Cita de la fuente: Work cat.: (FranzMayer): Romero y Ballesteros, P. Fr. Juan 21638, Amaior honrra iglesia de dios n. s. i. de María Sma de los dolores d. s. mando a hazer este libro a expensas de sus bien hechorez la m. s. maría josepha de la s. sma trinidad para su convento de sa. maría de jesus de esta ciudad de sevilla, siendo vicaria de choro, 1740